000 00284nam a22001217a 4500
082 _a336
100 _aAhuja,Dr.Girish
_983367
245 _aIncome Tax Rules
250 _a13th
260 _aDelhi
_bCommercial Law Publishers
_c2024
650 _aincome tax
_983368
942 _cC. BOOKS
999 _c68254
_d68254